000 00468nam a2200169Ia 4500
008 140527s9999 xx 000 0 und d
020 _a9789712349256
050 _aHF 5691
_b.P223 2007
100 _aParas-Bernal, Ophelia
245 _aBusiness mathematics made easy /
_cOphelia Paras-Bernal.
260 _aManila :
_bRex Book Store,
_cc2007.
300 _a202 p. :
_c22 cm.
500 _aIncludes index.
521 _aGE
942 _kLOC
_cBK
999 _c117536
_d117536